000 00988cab a2200193 4500
001 L130659
008 050823n2005 000 0 eng u
035 _a(Sirsi) u130659
041 _aeng
100 _aWood, Chris
245 _aPart L: a question of compromise
260 _c2005
490 _aContext
_v(90) July 2005, 19-21(3)
520 _aDiscusses the need for clear guidance on applying the changes to Part L (Conservation of fuel and energy) of the Building Regulations, due to come into force at the end of 2005, to historic buildings. English Heritage is revising its guidance, "Building Regulations and historic buildings", on how the objectives of the energy conservation and building conservation can be met without harming the character of traditional buildings.
590 _aIKA300805
650 _aBUILDING REGULATIONS 2000 APPROVED DOCUMENT L (2002 EDITION)
690 _aBUILT ENVIRONMENT-BUILDING TYPES-HISTORIC BUILDINGS AND ANCIENT MONUMENTS
942 _n0
999 _c75762
_d75762